[Event "5th Novi Sad it"]
[Site "Novi Sad"]
[Date "1976.10.02"]
[EventDate "1976.09.29"]
[Round "4.7"]
[White "Ivkov, Borislav"]
[Black "Matulovic, Milan"]
[Result "1/2-1/2"]
[WhiteElo "2520"]
[BlackElo "2505"]
[PlyCount "47"]
[Source "Perpetual Check"]

1. e4 c6 2. d4 d5 3. Nc3 dxe4 4. Nxe4 Bf5 5. Ng3 Bg6 6. Nf3 Nd7 7. h4 h6 8. Bd3
Bxd3 9. Qxd3 Ngf6 10. Bf4 Qa5+ 11. Bd2 Qc7 12. O-O-O e6 13. c4 Bd6 14. Ne4 Bf4
15. Nxf6+ Nxf6 16. Bxf4 Qxf4+ 17. Kc2 Qe4 18. Rhe1 Qxd3+ 19. Rxd3 O-O-O 20. Ne5
Rhf8 21. Red1 Nd7 22. Kc3 Nxe5 23. dxe5 Rxd3+ 24. Rxd3 1/2-1/2

[Event "5th Novi Sad it"]
[Site "Novi Sad"]
[Date "1976.10.02"]
[EventDate "1976.09.29"]
[Round "4.8"]
[White "Notaros, Krasoje"]
[Black "Gligoric, Svetozar"]
[Result "0-1"]
[WhiteElo "2350"]
[BlackElo "2575"]
[PlyCount "112"]
[Source "Perpetual Check"]

1. d4 Nf6 2. Nf3 g6 3. Bg5 Bg7 4. Nbd2 d5 5. e3 O-O 6. Bd3 c5 7. c3 Nbd7 8. O-O
b6 9. a4 a5 10. Re1 Bb7 11. Qb1 Rc8 12. h3 Re8 13. Bb5 Rf8 14. Bd3 Bc6 15. e4
dxe4 16. Nxe4 cxd4 17. Nxd4 Bb7 18. Qd1 Nc5 19. Nxc5 Rxc5 20. Bxf6 Bxf6 21. Be4
Bxe4 22. Rxe4 Qd5 23. Qf3 Rd8 24. Rae1 Rc4 25. b3 Rc7 26. c4 Qc5 27. Ne2 Bg7
28. Nf4 e6 29. Nd3 Qd6 30. Ne5 f6 31. Ng4 e5 32. R4e2 Re7 33. Ne3 e4 34. Qg3
Qxg3 35. fxg3 f5 36. Nd5 Rf7 37. g4 Bd4+ 38. Kh1 Re8 39. gxf5 gxf5 40. g4 e3
41. gxf5 Rxf5 42. Rg2+ Kf7 43. Rg4 Bc5 44. Rf4 Rxf4 45. Nxf4 Re4 46. Ne2 Re8
47. Kg2 Ke6 48. Kf3 Ke5 49. Rd1 Rf8+ 50. Kg3 Rf2 51. Rd5+ Kf6 52. Nd4 Rf1 53.
Ne2 Rf2 54. Nd4 Rd2 55. Nf3 Bd6+ 56. Kh4 Rxd5 0-1

[Event "5th Novi Sad it"]
[Site "Novi Sad"]
[Date "1976.10.03"]
[EventDate "1976.09.29"]
[Round "5.2"]
[White "Matulovic, Milan"]
[Black "Notaros, Krasoje"]
[Result "1/2-1/2"]
[WhiteElo "2505"]
[BlackElo "2350"]
[PlyCount "104"]
[Source "Perpetual Check"]

1. e4 g6 2. d4 Bg7 3. Nf3 c6 4. Be2 d5 5. e5 Nh6 6. O-O f6 7. exf6 exf6 8. c4
O-O 9. cxd5 cxd5 10. Bxh6 Bxh6 11. Qb3 Nc6 12. Nc3 Ne7 13. Rfe1 Kh8 14. Bd3 b6
15. h3 Rf7 16. a4 Qd6 17. a5 Rb8 18. axb6 Qxb6 19. Qxb6 axb6 20. Ra7 Bb7 21.
Ba6 Bxa6 22. Rxa6 Kg7 23. Re6 Bc1 24. Raxb6 Rd8 25. Re1 Bf4 26. g3 Bc7 27. Rb5
g5 28. Re6 h5 29. Rb7 Nf5 30. Rc6 Ba5 31. Rb5 g4 32. hxg4 hxg4 33. Rxa5 gxf3
34. Rxd5 Rxd5 35. Nxd5 Nxd4 36. Rc7 Rxc7 37. Nxc7 Kf7 38. Kf1 Nc2 39. Nd5 Ke6
40. Ne3 Nb4 41. Nd1 Nd3 42. Kg1 f5 43. Kh2 Kf6 44. b3 Kg5 45. Kg1 f4 46. Kh2
Kg4 47. gxf4 Kxf4 48. Kh3 Ke4 49. Kg3 Kd4 50. Kxf3 Kc5 51. Ke3 Nxf2 52. Nxf2
Kb4 1/2-1/2

[Event "5th Novi Sad it"]
[Site "Novi Sad"]
[Date "1976.10.03"]
[EventDate "1976.09.29"]
[Round "5.5"]
[White "Popovic, Petar"]
[Black "Hort, Vlastimil"]
[Result "0-1"]
[WhiteElo "2405"]
[BlackElo "2600"]
[PlyCount "92"]
[Source "Perpetual Check"]

1. g3 d5 2. Bg2 e5 3. d3 Nf6 4. Nf3 Nc6 5. O-O Be7 6. Bg5 O-O 7. Nc3 d4 8. Bxf6
Bxf6 9. Ne4 Be7 10. c3 Be6 11. cxd4 exd4 12. a3 f5 13. Ned2 Bf6 14. Rc1 Ne7 15.
Qa4 c6 16. Qb4 b6 17. Nc4 Nd5 18. Qd6 Qxd6 19. Nxd6 Rad8 20. Nc4 Rfe8 21. Rc2
Bf7 22. Rfc1 g5 23. Kf1 Re6 24. Nfd2 Rde8 25. Re1 h5 26. Nb3 Rd8 27. a4 g4 28.
a5 Nb4 29. Rcc1 c5 30. axb6 axb6 31. Na3 Bg5 32. Rcd1 f4 33. gxf4 Bxf4 34. h3
g3 35. Nd2 gxf2 36. Kxf2 Rg6 37. Rh1 Rf8 38. Bf3 Nxd3+ 39. exd3 Bxd2 40. Ke2
Bf4 41. Be4 Rg3 42. Rdg1 h4 43. Nc4 b5 44. Rxg3+ hxg3 45. Na3 Bh5+ 46. Ke1 g2
0-1

[Event "5th Novi Sad it"]
[Site "Novi Sad"]
[Date "1976.10.03"]
[EventDate "1976.09.29"]
[Round "5.6"]
[White "Garcia Gonzales, Guillermo"]
[Black "Sigurjonsson, Gudmundur"]
[Result "1/2-1/2"]
[WhiteElo "2475"]
[BlackElo "2530"]
[PlyCount "123"]
[Source "Perpetual Check"]

1. d4 Nf6 2. c4 e6 3. Nc3 Bb4 4. e3 c5 5. Bd3 O-O 6. Nf3 d5 7. O-O Nc6 8. Ne5
Nxe5 9. dxe5 dxc4 10. Bxc4 Qxd1 11. Rxd1 Nd7 12. f4 Nb6 13. Be2 Bxc3 14. bxc3
Bd7 15. Rd6 Ba4 16. Ba3 Rfc8 17. c4 Rc7 18. Rc1 Kf8 19. Kf2 Ke7 20. e4 Rd8 21.
Rxd8 Kxd8 22. Rc3 Ke7 23. Rh3 h6 24. Rg3 Kf8 25. Rc3 Nd7 26. Bb2 a6 27. Rc1 b5
28. f5 b4 29. Bg4 Ke7 30. Ke3 a5 31. h4 Nb6 32. Be2 Bc6 33. g4 Rd7 34. g5 hxg5
35. hxg5 Kf8 36. Rf1 Kg8 37. g6 fxg6 38. fxe6 Re7 39. Rd1 Rxe6 40. Rd8+ Kf7 41.
Kf4 g5+ 42. Kxg5 Rg6+ 43. Kf4 Rg2 44. Rd2 Ke7 45. Bc1 Bd7 46. Kf3 Rg6 47. Bf1
Bg4+ 48. Kf2 Nd7 49. Rd5 Be6 50. Bf4 Rg4 51. Kf3 g5 52. Be3 Bxd5 53. Kxg4 Bxe4
54. Bxg5+ Kf7 55. Kf4 Bb1 56. Bg2 Nf8 57. Bd5+ Ne6+ 58. Ke3 a4 59. Kd2 Bxa2 60.
Be3 b3 61. Kc3 a3 62. Bc1 1/2-1/2

[Event "5th Novi Sad it"]
[Site "Novi Sad"]
[Date "1976.10.03"]
[EventDate "1976.09.29"]
[Round "5.7"]
[White "Marjan, Dusan"]
[Black "Deze, Anton"]
[Result "1-0"]
[WhiteElo "2235"]
[BlackElo "2415"]
[PlyCount "75"]
[Source "Perpetual Check"]

1. e4 c5 2. Nf3 d6 3. d4 cxd4 4. Nxd4 Nf6 5. Nc3 Nc6 6. Bc4 Qb6 7. Nxc6 bxc6 8.
O-O e5 9. Qd3 Be7 10. a4 a5 11. Be3 Qc7 12. h3 O-O 13. f4 Nd7 14. f5 Nb6 15. b3
Nxc4 16. bxc4 Ba6 17. Rfb1 Rfb8 18. Rxb8+ Rxb8 19. Rb1 Rb4 20. Rxb4 axb4 21.
Nb1 c5 22. Nd2 Bb7 23. Kf2 Bc6 24. g4 h6 25. Kg3 Qd8 26. Nf3 Qa8 27. Nd2 Qxa4
28. h4 Qa3 29. Nb3 Qa8 30. Nd2 Qa1 31. f6 gxf6 32. Bxh6 Qg1+ 33. Kf3 f5 34.
gxf5 Bxh4 35. Qxd6 Qf2+ 36. Kg4 Qg3+ 37. Kh5 Be7 38. Qxe7 1-0

[Event "5th Novi Sad it"]
[Site "Novi Sad"]
[Date "1976.10.03"]
[EventDate "1976.09.29"]
[Round "5.8"]
[White "Vukic, Milan"]
[Black "Olafsson, Fridrik"]
[Result "1/2-1/2"]
[WhiteElo "2510"]
[BlackElo "2550"]
[PlyCount "106"]
[Source "Perpetual Check"]

1. Nf3 d5 2. g3 g6 3. Bg2 Bg7 4. d4 Nf6 5. c4 dxc4 6. Na3 c5 7. O-O c3 8. bxc3
O-O 9. Ne5 Nc6 10. Nac4 Nd5 11. Bb2 Be6 12. Rc1 Rc8 13. Nxc6 Rxc6 14. Ne5 Rd6
15. Nd3 cxd4 16. cxd4 Nb6 17. e3 Bd5 18. Nc5 Bxg2 19. Kxg2 Nd7 20. Ba3 Nxc5 21.
Bxc5 Rd7 22. Qa4 b6 23. Ba3 Qa8+ 24. Qc6 Rfd8 25. f4 e6 26. Rf2 Bf8 27. Bxf8
Kxf8 28. g4 h6 29. f5 Qxc6+ 30. Rxc6 gxf5 31. gxf5 Ke7 32. f6+ Ke8 33. Kf3 Rd5
34. Ke4 Kd7 35. Rfc2 Rf5 36. Rc7+ Ke8 37. Rxa7 Rxf6 38. Rb7 Ra8 39. Rxb6 Rf1
40. Rbb2 Ke7 41. Rf2 f5+ 42. Ke5 Ra5+ 43. Kf4 Rxf2+ 44. Rxf2 Ra4 45. Rc2 Kf6
46. Rc6 Rxa2 47. d5 Ra4+ 48. Kf3 Re4 49. d6 Re5 50. Rc4 Ra5 51. Rh4 Ra7 52.
Rxh6+ Ke5 53. h4 Kxd6 1/2-1/2

[Event "5th Novi Sad it"]
[Site "Novi Sad"]
[Date "1976.10.05"]
[EventDate "1976.09.29"]
[Round "6.1"]
[White "Buljovcic, Ivan"]
[Black "Olafsson, Fridrik"]
[Result "1/2-1/2"]
[WhiteElo "2455"]
[BlackElo "2550"]
[PlyCount "54"]
[Source "Perpetual Check"]

1. e4 c5 2. c3 d5 3. exd5 Qxd5 4. d4 Nf6 5. Nf3 Bg4 6. Be2 e6 7. Na3 Nc6 8. O-O
cxd4 9. Nb5 Rc8 10. Nbxd4 Nxd4 11. Nxd4 Bxe2 12. Qxe2 Be7 13. Rd1 a6 14. Nf3
Qe4 15. Qxe4 Nxe4 16. Be3 f6 17. Nd4 Kf7 18. Nb3 Rhd8 19. Kf1 e5 20. f3 Rxd1+
21. Rxd1 Nd6 22. Nd2 Ke6 23. Ke2 h5 24. Rc1 f5 25. c4 b5 26. b3 Nb7 27. Nb1 b4
1/2-1/2

[Event "5th Novi Sad it"]
[Site "Novi Sad"]
[Date "1976.10.05"]
[EventDate "1976.09.29"]
[Round "6.2"]
[White "Deze, Anton"]
[Black "Vukic, Milan"]
[Result "0-1"]
[WhiteElo "2415"]
[BlackElo "2510"]
[PlyCount "96"]
[Source "Perpetual Check"]

1. c4 e5 2. Nc3 Nf6 3. Nf3 Nc6 4. d3 d6 5. g3 g6 6. Bg2 Bg7 7. O-O O-O 8. Rb1
a5 9. a3 h6 10. b4 axb4 11. axb4 Be6 12. b5 Ne7 13. Qb3 Nd7 14. Ba3 f5 15. Nd5
Kh7 16. Nd2 Ra7 17. b6 Nxb6 18. Nxb6 cxb6 19. Qb4 Nc8 20. Bb2 Rf7 21. Ra1 Ra6
22. Ra3 d5 23. cxd5 Bxd5 24. Qb5 Bxg2 25. Kxg2 Rxa3 26. Bxa3 e4 27. Rc1 Rd7 28.
Bb4 exd3 29. exd3 Na7 30. Qa4 Nc6 31. Bc3 Rxd3 32. Bxg7 Kxg7 33. Nf1 Qd5+ 34.
Kg1 b5 35. Qa1+ Kh7 36. Ne3 Qd7 37. Qf6 Rd6 38. Qf8 Rd2 39. h4 h5 40. Rc5 Qg7
41. Qc8 Rd8 42. Qe6 Nd4 43. Qb6 Qe7 44. Kf1 Rd7 45. Rc8 f4 46. gxf4 Qxh4 47.
Ke1 Qxf4 48. Qc5 Qf3 0-1

[Event "5th Novi Sad it"]
[Site "Novi Sad"]
[Date "1976.10.05"]
[EventDate "1976.09.29"]
[Round "6.3"]
[White "Sigurjonsson, Gudmundur"]
[Black "Marjan, Dusan"]
[Result "0-1"]
[WhiteElo "2530"]
[BlackElo "2235"]
[PlyCount "64"]
[Source "Perpetual Check"]

1. e4 e5 2. Nf3 Nc6 3. Bb5 a6 4. Ba4 d6 5. O-O Bg4 6. h3 h5 7. d4 b5 8. Bb3
Nxd4 9. hxg4 hxg4 10. Ng5 Nh6 11. Bd5 Be7 12. c3 Bxg5 13. cxd4 Rc8 14. f4 exf4
15. Bc6+ Kf8 16. Bxf4 Bxf4 17. Rxf4 Qh4 18. Nd2 g5 19. Rf1 g3 20. Nf3 Qh5 21.
Re1 Ng4 22. Kf1 Qh1+ 23. Ng1 Nf2 24. Qf3 Qxg1+ 25. Ke2 Qh2 26. Rac1 Kg7 27. Rc3
Nh3 28. Qxg3 Nf4+ 29. Kf2 Qh6 30. Bd7 Rcd8 31. Rxc7 Qf6 32. Ke3 Qe7 0-1

[Event "5th Novi Sad it"]
[Site "Novi Sad"]
[Date "1976.10.05"]
[EventDate "1976.09.29"]
[Round "6.4"]
[White "Hort, Vlastimil"]
[Black "Garcia Gonzales, Guillermo"]
[Result "1-0"]
[WhiteElo "2600"]
[BlackElo "2475"]
[PlyCount "71"]
[Source "Perpetual Check"]

1. d4 Nf6 2. c4 e6 3. Nc3 Bb4 4. e3 c5 5. Nge2 cxd4 6. exd4 d5 7. a3 Be7 8. c5
a5 9. Na4 Nfd7 10. Nec3 b6 11. b4 axb4 12. axb4 O-O 13. Be3 bxc5 14. dxc5 Nc6
15. b5 Nb4 16. Rb1 e5 17. Rxb4 d4 18. Rc4 dxe3 19. fxe3 Qa5 20. Be2 Nf6 21. O-O
Be6 22. c6 Bd8 23. Kh1 Bb6 24. Nxb6 Qxb6 25. Ra4 Qxe3 26. Qd3 Qxd3 27. Bxd3
Rad8 28. Bc4 Bxc4 29. Rxc4 Rd4 30. Rc5 Rb4 31. Rxe5 Rc4 32. Nd5 Ng4 33. Re2 f6
34. b6 Kf7 35. h3 Nh6 36. c7 1-0

[Event "5th Novi Sad it"]
[Site "Novi Sad"]
[Date "1976.10.05"]
[EventDate "1976.09.29"]
[Round "6.7"]
[White "Notaros, Krasoje"]
[Black "Sax, Gyula"]
[Result "0-1"]
[WhiteElo "2350"]
[BlackElo "2530"]
[PlyCount "50"]
[Source "Perpetual Check"]

1. d4 Nf6 2. Nf3 g6 3. Bg5 Bg7 4. Nbd2 d6 5. e4 O-O 6. h3 h6 7. Be3 Nbd7 8. c3
e5 9. dxe5 dxe5 10. Bc4 Qe7 11. b4 b6 12. O-O Bb7 13. Qc2 Ne8 14. Nh2 Nd6 15.
Bb3 Rac8 16. a4 c5 17. Qb1 Kh8 18. Rd1 f5 19. f3 cxb4 20. cxb4 Rc3 21. Bf2 fxe4
22. Nxe4 Nxe4 23. fxe4 Rxf2 24. Kxf2 Qxb4 25. Kg1 Rxb3 0-1

[Event "5th Novi Sad it"]
[Site "Novi Sad"]
[Date "1976.10.06"]
[EventDate "1976.09.29"]
[Round "7.1"]
[White "Matulovic, Milan"]
[Black "Buljovcic, Ivan"]
[Result "1/2-1/2"]
[WhiteElo "2505"]
[BlackElo "2455"]
[PlyCount "245"]
[Source "Perpetual Check"]

1. e4 c5 2. Nf3 d6 3. d4 cxd4 4. Nxd4 Nf6 5. Nc3 a6 6. Bg5 e6 7. f4 Nbd7 8. Bc4
Qb6 9. Bb3 Be7 10. f5 Nc5 11. fxe6 fxe6 12. Be3 Qc7 13. O-O O-O 14. a3 Nxb3 15.
cxb3 Bd7 16. Rc1 Qa5 17. b4 Qe5 18. Bf4 Qh5 19. Qb3 d5 20. exd5 exd5 21. Rce1
Rae8 22. Rxe7 Rxe7 23. Bd6 Ref7 24. Bxf8 Rxf8 25. Qd1 Qe5 26. Qd2 Re8 27. Nf3
Qd6 28. h3 h6 29. Qd4 Kh7 30. Re1 Rxe1+ 31. Nxe1 Bf5 32. Nf3 Be4 33. Ne5 Qe6
34. Nd1 Qf5 35. Ne3 Qg5 36. N5g4 Nxg4 37. Nxg4 Qc1+ 38. Kh2 Qf4+ 39. Kg1 Qc1+
40. Kh2 Qf4+ 41. Kg1 h5 42. Ne3 Qf6 43. Qxf6 gxf6 44. Kf2 f5 45. Kg3 Kg6 46. h4
Kf6 47. Kf4 d4 48. Nf1 Bxg2 49. Nd2 Bd5 50. Nf1 Bg2 51. Nd2 Bd5 52. Nf1 b6 53.
Ng3 d3 54. Nf1 b5 55. Nd2 Be4 56. Nb3 Bd5 57. Nd2 Ke6 58. Nf1 Bb3 59. Nd2 Bd1
60. Nf1 Bg4 61. Nd2 Kd5 62. Nb3 Bd1 63. Nd2 Kd4 64. Nf1 d2 65. Nxd2 Kd3 66. Nf1
Bg4 67. Ne3 Kd2 68. Nxf5 Kc1 69. Ne3 Be6 70. Ke5 Bf7 71. Kd4 Kxb2 72. Kc5 Kxa3
73. Nc2+ Kb3 74. Nd4+ Kc3 75. Nc6 Be6 76. Ne7 Bg4 77. Nd5+ Kb3 78. Nc7 Bc8 79.
Nd5 Ka3 80. Ne3 Ka4 81. Nd5 Bb7 82. Nc3+ Kb3 83. Ne2 Bh1 84. Nd4+ Ka3 85. Nc2+
Kb3 86. Nd4+ Ka4 87. Nc2 Bf3 88. Nd4 Bg2 89. Nc2 Be4 90. Nd4 Bh1 91. Nc2 Kb3
92. Nd4+ Kc3 93. Ne2+ Kb3 94. Nd4+ Kb2 95. Ne2 Ka3 96. Nd4 Be4 97. Ne2 Ba8 98.
Nd4 Ka4 99. Nc2 Kb3 100. Nd4+ Kc3 101. Ne2+ Kb3 102. Nd4+ Ka3 103. Nc2+ Ka4
104. Nd4 Be4 105. Ne2 Bg2 106. Nc3+ Kb3 107. Ne2 Ka3 108. Nd4 Bf1 109. Nc6 Be2
110. Nd4 Bd3 111. Nc6 Be2 112. Nd4 Bf1 113. Nc6 Ka4 114. Nb8 a5 115. Na6 axb4
116. Nxb4 Kb3 117. Nd5 Bc4 118. Nb4 Kc3 119. Nc6 Kd2 120. Ne5 Kc3 121. Nc6 Bd3
122. Nb4 Bf1 123. Nd5+ 1/2-1/2

[Event "5th Novi Sad it"]
[Site "Novi Sad"]
[Date "1976.10.06"]
[EventDate "1976.09.29"]
[Round "7.2"]
[White "Sax, Gyula"]
[Black "Gligoric, Svetozar"]
[Result "1/2-1/2"]
[WhiteElo "2530"]
[BlackElo "2575"]
[PlyCount "70"]
[Source "Perpetual Check"]

1. e4 e5 2. Nc3 Nf6 3. g3 Bb4 4. Bg2 Bxc3 5. bxc3 O-O 6. Ne2 b6 7. d3 Bb7 8. c4
c6 9. O-O d6 10. f4 Nbd7 11. h3 Ne8 12. Be3 Nc7 13. g4 exf4 14. Nxf4 Ne6 15.
Qe1 Nxf4 16. Bxf4 Ne5 17. Qg3 Qe7 18. h4 Rad8 19. h5 c5 20. g5 Bc8 21. a4 Kh8
22. a5 Qc7 23. axb6 axb6 24. Ra8 Be6 25. Rxd8 Rxd8 26. Bh3 Qd7 27. Bxe5 dxe5
28. Bf5 Qd6 29. g6 fxg6 30. hxg6 Bxf5 31. Rxf5 Re8 32. gxh7 Kxh7 33. Qh3+ Kg8
34. Qh5 Rf8 35. Kg2 Rxf5 1/2-1/2

[Event "5th Novi Sad it"]
[Site "Novi Sad"]
[Date "1976.10.06"]
[EventDate "1976.09.29"]
[Round "7.3"]
[White "Smejkal, Jan"]
[Black "Notaros, Krasoje"]
[Result "1-0"]
[WhiteElo "2615"]
[BlackElo "2350"]
[PlyCount "125"]
[Source "Perpetual Check"]

1. Nf3 f5 2. g3 Nf6 3. Bg2 e6 4. c4 Be7 5. O-O O-O 6. Nc3 d6 7. d4 a5 8. b3 Ne4
9. Bb2 Bf6 10. Qc2 Nxc3 11. Bxc3 Nc6 12. e4 Nb4 13. Qe2 c5 14. Rfd1 Qc7 15. e5
dxe5 16. Nxe5 cxd4 17. Bxd4 Rd8 18. f4 Ra6 19. Qf2 Rad6 20. c5 Rxd4 21. Rxd4
Rxd4 22. Qxd4 Nc2 23. Qd6 Qxd6 24. cxd6 Nxa1 25. d7 Bxd7 26. Nxd7 b5 27. Nxf6+
gxf6 28. Bf1 Nc2 29. Bxb5 Kf7 30. Kf2 Ke7 31. Bd3 Nb4 32. Bb1 Kd6 33. a3 Nc6
34. Ke3 Kc5 35. Bd3 h6 36. h3 Nd4 37. b4+ axb4 38. axb4+ Kd5 39. b5 e5 40. g4
e4 41. Bf1 fxg4 42. hxg4 f5 43. b6 fxg4 44. b7 Nc6 45. Bg2 Nb8 46. Bxe4+ Ke6
47. Kf2 Kf6 48. Kg3 Nd7 49. Kxg4 Nb8 50. Kh5 Kg7 51. Bf5 Kf6 52. Bc8 Kg7 53.
Kg4 Kf6 54. Kf3 Na6 55. Ke4 Nc5+ 56. Kd4 Na6 57. Kd5 Nb8 58. Kd6 h5 59. Kc7
Na6+ 60. Kb6 Nb8 61. Ka7 Nc6+ 62. Ka8 Ke7 63. Bh3 1-0

[Event "5th Novi Sad it"]
[Site "Novi Sad"]
[Date "1976.10.06"]
[EventDate "1976.09.29"]
[Round "7.4"]
[White "Popovic, Petar"]
[Black "Ivkov, Borislav"]
[Result "1/2-1/2"]
[WhiteElo "2405"]
[BlackElo "2520"]
[PlyCount "41"]
[Source "Perpetual Check"]

1. e4 e5 2. Nf3 Nc6 3. Nc3 Nf6 4. Bb5 Nd4 5. Nxd4 exd4 6. e5 dxc3 7. exf6 Qxf6
8. dxc3 c6 9. Bd3 d5 10. Be3 Bd6 11. Qh5 g6 12. Qe2 O-O 13. O-O Re8 14. Qd2 Bf5
15. Bg5 Qe6 16. Rfe1 Qd7 17. f3 Bxd3 18. cxd3 Rxe1+ 19. Rxe1 Re8 20. Rxe8+ Qxe8
21. Bf4 1/2-1/2

[Event "5th Novi Sad it"]
[Site "Novi Sad"]
[Date "1976.10.06"]
[EventDate "1976.09.29"]
[Round "7.6"]
[White "Marjan, Dusan"]
[Black "Hort, Vlastimil"]
[Result "0-1"]
[WhiteElo "2235"]
[BlackElo "2600"]
[PlyCount "72"]
[Source "Perpetual Check"]

1. e4 g6 2. d4 Bg7 3. Nc3 d6 4. f4 c6 5. Nf3 Bg4 6. Be3 Qb6 7. Qd2 Bxf3 8. gxf3
Nd7 9. Bh3 Qa5 10. a3 Ngf6 11. Rg1 Bh6 12. O-O-O O-O-O 13. Kb1 Kb8 14. d5 Nb6
15. Qd3 Nh5 16. Ne2 cxd5 17. exd5 f5 18. Bc1 Rc8 19. Rge1 Rc7 20. Bf1 Rhc8 21.
c3 a6 22. Ka2 Nf6 23. Qe3 Nfxd5 24. Qe6 Qa4 25. Rd4 Qd7 26. Ng3 Bg7 27. Rdd1
Qxe6 28. Rxe6 Rxc3 29. Rde1 Rxf3 30. Bg2 Rf2 31. Bxd5 Rxc1 32. Rxc1 Rxb2+ 33.
Ka1 Nxd5 34. Nf1 Rxh2+ 35. Kb1 Rb2+ 36. Ka1 Re2+ 0-1

[Event "5th Novi Sad it"]
[Site "Novi Sad"]
[Date "1976.10.06"]
[EventDate "1976.09.29"]
[Round "7.7"]
[White "Vukic, Milan"]
[Black "Sigurjonsson, Gudmundur"]
[Result "1-0"]
[WhiteElo "2510"]
[BlackElo "2530"]
[PlyCount "111"]
[Source "Perpetual Check"]

1. Nf3 Nf6 2. g3 g6 3. b3 Bg7 4. Bb2 d6 5. d4 c5 6. Bg2 cxd4 7. Nxd4 d5 8. O-O
O-O 9. Qc1 Re8 10. e3 e5 11. Nf3 Nc6 12. c4 dxc4 13. Rd1 Qa5 14. bxc4 e4 15.
Nd4 Ne5 16. Nb3 Qc7 17. Bxe5 Qxe5 18. Rd4 Bf5 19. N1d2 Qe7 20. Rb1 Rac8 21. Qf1
Ng4 22. Rd5 Be6 23. Rb5 b6 24. c5 Bd7 25. Rb4 f5 26. Qa6 Ne5 27. Bf1 Kh8 28.
Rc1 Red8 29. a3 Nc6 30. Rbc4 b5 31. Qxb5 Qf7 32. Qa6 Be6 33. Rb1 Bxc4 34. Nxc4
Qc7 35. Nba5 Nxa5 36. Nxa5 Rb8 37. Nb7 Rdc8 38. Bc4 Qc6 39. Qxa7 Be5 40. a4 h5
41. a5 h4 42. Qb6 Qxb6 43. Rxb6 Bc7 44. Rb3 hxg3 45. hxg3 Kg7 46. a6 Ra8 47.
Rb1 Bb8 48. Rd1 Ba7 49. Rd7+ Kf6 50. Bd5 Rab8 51. c6 Bb6 52. Nd6 Rh8 53. Nf7
Rh7 54. Rb7 Bc7 55. Rxb8 Bxb8 56. c7 1-0

[Event "5th Novi Sad it"]
[Site "Novi Sad"]
[Date "1976.10.06"]
[EventDate "1976.09.29"]
[Round "7.8"]
[White "Olafsson, Fridrik"]
[Black "Deze, Anton"]
[Result "1-0"]
[WhiteElo "2550"]
[BlackElo "2415"]
[PlyCount "63"]
[Source "Perpetual Check"]

1. d4 d5 2. c4 e6 3. Nc3 Nf6 4. Nf3 c5 5. cxd5 Nxd5 6. e4 Nxc3 7. bxc3 cxd4 8.
cxd4 Bb4+ 9. Bd2 Bxd2+ 10. Qxd2 O-O 11. Bc4 b6 12. O-O Bb7 13. Rfe1 Qd6 14.
Rad1 Nd7 15. Bb3 Rfd8 16. h4 Qf8 17. Qf4 Nf6 18. g4 Rac8 19. g5 Nh5 20. Qg4 g6
21. Ne5 Kg7 22. Re3 Rc7 23. d5 Bc8 24. Qe2 exd5 25. exd5 Qb4 26. Re4 Qc3 27. d6
Rc5 28. Nxf7 Bb7 29. Nxd8 Bxe4 30. Qxe4 Re5 31. Qb7+ Kh8 32. Nf7+ 1-0

[Event "5th Novi Sad it"]
[Site "Novi Sad"]
[Date "1976.10.07"]
[EventDate "1976.09.29"]
[Round "8.1"]
[White "Buljovcic, Ivan"]
[Black "Deze, Anton"]
[Result "1/2-1/2"]
[WhiteElo "2455"]
[BlackElo "2415"]
[PlyCount "101"]
[Source "Perpetual Check"]

1. e4 c5 2. c3 b6 3. d4 Bb7 4. Nd2 cxd4 5. cxd4 Nf6 6. Bd3 Nc6 7. Ne2 e5 8. d5
Nb4 9. Bb1 Bc5 10. O-O a5 11. Nb3 Na6 12. Ng3 d6 13. Nxc5 Nxc5 14. f4 Ba6 15.
Rf3 Qd7 16. fxe5 dxe5 17. Bg5 Ng8 18. Nf5 f6 19. Be3 Rc8 20. Bc2 g6 21. Ng3 h5
22. h3 Qd6 23. a3 Nd7 24. Bd3 Bxd3 25. Qxd3 Ne7 26. Ne2 O-O 27. Nc3 Nc5 28. Qf1
f5 29. exf5 Nxf5 30. Qf2 Nxe3 31. Qxe3 Rxf3 32. Qxf3 Rf8 33. Qg3 Rf4 34. Re1
Qf6 35. Qe3 e4 36. Ne2 Rf5 37. Nc3 Qe5 38. Nxe4 Qxd5 39. Ng3 Rf7 40. Qe8+ Kg7
41. Qe3 Rf6 42. Qc3 Kf7 43. b4 axb4 44. axb4 Ne6 45. Ne4 Rf4 46. Kh1 g5 47. Qe3
Qd4 48. Qxd4 Nxd4 49. g3 Nc2 50. Nxg5+ Kg6 51. gxf4 1/2-1/2

[Event "5th Novi Sad it"]
[Site "Novi Sad"]
[Date "1976.10.07"]
[EventDate "1976.09.29"]
[Round "8.2"]
[White "Sigurjonsson, Gudmundur"]
[Black "Olafsson, Fridrik"]
[Result "1/2-1/2"]
[WhiteElo "2530"]
[BlackElo "2550"]
[PlyCount "29"]
[Source "Perpetual Check"]

1. e4 e5 2. Nf3 Nc6 3. Bb5 Nf6 4. O-O Nxe4 5. d4 Be7 6. Qe2 Nd6 7. Bxc6 bxc6 8.
dxe5 Nb7 9. c4 O-O 10. Nc3 f6 11. Re1 Nc5 12. Be3 fxe5 13. Nxe5 Ne6 14. Rad1
Qe8 15. Nf3 1/2-1/2

[Event "5th Novi Sad it"]
[Site "Novi Sad"]
[Date "1976.10.07"]
[EventDate "1976.09.29"]
[Round "8.5"]
[White "Ivkov, Borislav"]
[Black "Garcia Gonzales, Guillermo"]
[Result "1/2-1/2"]
[WhiteElo "2520"]
[BlackElo "2475"]
[PlyCount "81"]
[Source "Perpetual Check"]

1. d4 Nf6 2. c4 e6 3. Nc3 Bb4 4. e3 O-O 5. Nf3 d5 6. Bd3 c5 7. O-O dxc4 8. Bxc4
Bd7 9. a3 Ba5 10. Qd3 Bc6 11. Ne5 Qe7 12. Rd1 Rd8 13. Qc2 Bb6 14. dxc5 Rxd1+
15. Nxd1 Qxc5 16. Nxc6 Nxc6 17. b4 Qh5 18. Be2 Qg6 19. Qxg6 hxg6 20. Bf3 Rd8
21. Bb2 Nd5 22. Kf1 Rd7 23. Nc3 Nxc3 24. Bxc3 Ne7 25. Ke2 Nd5 26. Bb2 Rc7 27.
Rc1 Rxc1 28. Bxc1 Kf8 29. Kd3 Ke7 30. Bb2 f6 31. h4 Kd6 32. Be4 f5 33. Bxd5
Kxd5 34. Bxg7 Bd8 35. g3 e5 36. a4 e4+ 37. Kc3 a6 38. Bd4 b5 39. axb5 axb5 40.
Bc5 Bf6+ 41. Kb3 1/2-1/2

[Event "5th Novi Sad it"]
[Site "Novi Sad"]
[Date "1976.10.07"]
[EventDate "1976.09.29"]
[Round "8.6"]
[White "Notaros, Krasoje"]
[Black "Popovic, Petar"]
[Result "1-0"]
[WhiteElo "2350"]
[BlackElo "2405"]
[PlyCount "77"]
[Source "Perpetual Check"]

1. Nf3 Nf6 2. g3 g6 3. Bg2 Bg7 4. c4 O-O 5. Nc3 d6 6. O-O Nc6 7. Rb1 a5 8. a3
e5 9. d3 h6 10. b4 axb4 11. axb4 Be6 12. b5 Ne7 13. Bd2 Nd7 14. Ne1 Nc5 15. Nc2
f5 16. Nb4 Bf7 17. Ncd5 Nxd5 18. Nxd5 Kh7 19. Bc3 Qd7 20. Ra1 Bxd5 21. Bxd5 e4
22. Bxg7 Qxg7 23. Rxa8 Rxa8 24. d4 Na4 25. Bxb7 Ra7 26. e3 Nb2 27. Qb3 Nxc4 28.
Qxc4 Rxb7 29. Ra1 Qd7 30. Ra5 d5 31. Qc5 Qd6 32. Kf1 Kg7 33. Ke2 Kf7 34. Kd2
Ke7 35. Kc3 Kd7 36. Qxd6+ Kxd6 37. Ra6+ Rb6 38. Kb4 Kd7 39. Kc5 1-0

[Event "5th Novi Sad it"]
[Site "Novi Sad"]
[Date "1976.10.07"]
[EventDate "1976.09.29"]
[Round "8.7"]
[White "Gligoric, Svetozar"]
[Black "Smejkal, Jan"]
[Result "0-1"]
[WhiteElo "2575"]
[BlackElo "2615"]
[PlyCount "68"]
[Source "Perpetual Check"]

1. d4 Nf6 2. c4 g6 3. Nc3 d5 4. cxd5 Nxd5 5. e4 Nxc3 6. bxc3 c5 7. Bc4 Bg7 8.
Ne2 Nc6 9. Be3 cxd4 10. cxd4 O-O 11. O-O Bg4 12. f3 Na5 13. Rc1 Nxc4 14. Rxc4
Bd7 15. Qb3 a6 16. Nc3 b5 17. Rc5 Rc8 18. Rd1 e6 19. e5 Rxc5 20. dxc5 Qc7 21.
f4 Bc6 22. Rd6 Rc8 23. Qc2 Qa5 24. Kf2 Bf8 25. Ne4 Bxe4 26. Qxe4 Qxa2+ 27. Kf3
Qb3 28. Ke2 a5 29. c6 a4 30. Bb6 a3 31. c7 a2 32. Qd4 Qc2+ 33. Kf3 Ra8 34. Bc5
a1=Q 0-1

[Event "5th Novi Sad it"]
[Site "Novi Sad"]
[Date "1976.10.07"]
[EventDate "1976.09.29"]
[Round "8.8"]
[White "Matulovic, Milan"]
[Black "Sax, Gyula"]
[Result "0-1"]
[WhiteElo "2505"]
[BlackElo "2530"]
[PlyCount "81"]
[Source "Perpetual Check"]

1. e4 c5 2. Nf3 d6 3. d4 cxd4 4. Nxd4 Nf6 5. Nc3 e6 6. g4 h6 7. h4 Be7 8. Bg2
g6 9. g5 hxg5 10. Bxg5 Nc6 11. Ndb5 Nh5 12. Bf3 a6 13. Bxe7 Kxe7 14. Bxh5 Rxh5
15. Nd4 Qh8 16. Nxc6+ bxc6 17. Qd2 Qh6 18. f4 Ra7 19. O-O-O Rd7 20. Na4 Rb5 21.
c4 Rb8 22. c5 dxc5 23. Qe3 Rd4 24. Nxc5 e5 25. Rxd4 exd4 26. Qd2 Rb5 27. Nd3 a5
28. Kb1 Qh5 29. Rc1 Qf3 30. Re1 Be6 31. Ka1 c5 32. f5 c4 33. fxe6 Qxd3 34. Qf4
Kxe6 35. Rf1 f5 36. Re1 Kd7 37. exf5 c3 38. b3 c2 39. Re7+ Kxe7 40. Qc7+ Kf6
41. Qd8+ 0-1